Το Κάτι Παραπάνω - Κωνσταντίνος Αργυρός - Statistics

General Stats
  • This quiz has been taken 39 times
  • The average score is 6 of 14
Answer Stats
Αριθμός Τραγουδιού Τραγούδι Διάρκεια % Correct
13 Ξημερώματα 3:01
77%
1 Τι Να Το Κάνω 4:09
73%
5 Πόσο; 2:52
50%
8 Τα Μάτια Σου Ερωτεύτηκα 3:42
45%
10 Μαζί Σου 3:32
45%
12 Λιώμα 3:51
45%
4 Σ' Έχω Ξεπεράσει 2:53
41%
6 Βασιλιάς 3:17
41%
7 Ψέματα 3:31
41%
14 Δεν Έχω Πολλά 3:50
36%
2 Αποχωρώ 3:43
32%
3 Δικαιολογίες 3:28
32%
9 Σε Χρειάζομαι 4:09
32%
11 Λάθος Μου 3:29
32%
No matching quizzes found
Score Distribution
Percent of People with Each Score
Percentile by Number Answered
Your Score History
You have not taken this quiz